000 00501nam a2200181Ia 4500
005 20250508152907.0
008 008 250505s9999 xx 000 0 eng d
037 _aTextual
040 _aFEDL
_beng
_cFEDL
041 _aeng
_2eng
084 _a954.01, THA
_qFEDL
100 _aThapar Romila
245 0 _aAsoka and the decline of the Mauryas
260 _aOxford, UK
_bOxford University Press
_c1961
300 _a283p
942 _cTEXL
_h954.01, THA
999 _c1339454
_d1339454